Raw Meaty Bones : (Record no. 5008)

MARC details
000 -LEADER
fixed length control field 00933cam a22002777a 4500
001 - CONTROL NUMBER
control field 14014983
003 - CONTROL NUMBER IDENTIFIER
control field OSt
005 - DATE AND TIME OF LATEST TRANSACTION
control field 20190918145316.0
008 - FIXED-LENGTH DATA ELEMENTS--GENERAL INFORMATION
fixed length control field 020110s2001 at a b 001 0 eng d
010 ## - LIBRARY OF CONGRESS CONTROL NUMBER
LC control number 2005415714
020 ## - INTERNATIONAL STANDARD BOOK NUMBER
International Standard Book Number 0646396242
035 ## - SYSTEM CONTROL NUMBER
System control number (OCoLC)ocm48766140
040 ## - CATALOGING SOURCE
Original cataloging agency AGL
Transcribing agency AGL
Modifying agency IWA
-- OCLCQ
-- DLC
082 ## - DEWEY DECIMAL CLASSIFICATION NUMBER
Classification number WB 432
Item number L84r 2001
100 1# - MAIN ENTRY--PERSONAL NAME
Personal name Lonsdale, Tom.
9 (RLIN) 10727
245 10 - TITLE STATEMENT
Title Raw Meaty Bones :
Remainder of title promote health
260 ## - PUBLICATION, DISTRIBUTION, ETC. (IMPRINT)
Place of publication, distribution, etc. Australia :
Name of publisher, distributor, etc. Rivetco P/L,
Date of publication, distribution, etc. 2001.
300 ## - PHYSICAL DESCRIPTION
Extent 389 p. :
Other physical details ill. ;
Dimensions 23 cm.
504 ## - BIBLIOGRAPHY, ETC. NOTE
Bibliography, etc Includes bibliographical references (p. [349]-369) and index.
650 #0 - SUBJECT ADDED ENTRY--TOPICAL TERM
Topical term or geographic name as entry element Pets
General subdivision Feeding and feeds.
9 (RLIN) 10728
650 #0 - SUBJECT ADDED ENTRY--TOPICAL TERM
Topical term or geographic name as entry element Pets
General subdivision Nutrition.
9 (RLIN) 10729
650 #0 - SUBJECT ADDED ENTRY--TOPICAL TERM
Topical term or geographic name as entry element Pet food industry.
9 (RLIN) 10730
906 ## - LOCAL DATA ELEMENT F, LDF (RLIN)
a 7
b cbc
c copycat
d 2
e ncip
f 20
g y-gencatlg
942 ## - ADDED ENTRY ELEMENTS (KOHA)
Source of classification or shelving scheme Other/Generic Classification Scheme
Koha item type Open Shelf
Holdings
Withdrawn status Lost status Source of classification or shelving scheme Damaged status Not for loan Home library Current library Date acquired Inventory number Total Checkouts Full call number Barcode Date last seen Koha item type
    Other/Generic Classification Scheme     MUST Main Library MUST Main Library 16/08/2016 08/29725   WB 432 L84r 2001 2016-3669 16/08/2016 Open Shelf
    Other/Generic Classification Scheme     MUST Main Library MUST Main Library 16/08/2016 08/29724   WB 432 L84r 2001 2016-3670 16/08/2016 Open Shelf